| 000 | 00674nam a2200217 u 4500 | ||
|---|---|---|---|
| 005 | 20240912063855.0 | ||
| 008 | 160531s2006 es r 000 0 spa d | ||
| 020 | _a9788423696192 | ||
| 035 | _aUPN01000210867 | ||
| 049 | _aI | ||
| 050 | 4 |
_aPZ75 _bM3.86 |
|
| 100 | 1 |
_aMainé, Margarita, _d1960- _931813 |
|
| 245 | 1 | 1 |
_a¿Un hermanito? / _cMargarita Mainé ; il. Mabel Piérola. |
| 260 |
_aBarcelona, Esp. : _bEdebé, _cc2006. |
||
| 300 |
_a[30] p. : _bil. col. |
||
| 440 | 0 |
_aMis cuentos favoritos. _pTren azul |
|
| 650 | 4 |
_aCuentos infantiles argentinos _97466 |
|
| 650 | 4 |
_aHermanos y hermanas _vLiteratura infantil _98964 |
|
| 905 | _aInfantil | ||
| 999 |
_c182968 _d182968 |
||